Geography Quiz

Random Geography or State Quiz

Counting Geography Groups Quiz Stats

 Plays Quiz Updated Sep 7, 2016

Challenge
Share
Tweet
Embed
Score 0/60 Timer 06:00
13 Plays Today
% Correct
Cape Town
95.2%
Atlantic
95.1%
Pacific
94.8%
Africa
93.8%
Arctic
93.7%
Asia
93.6%
North America
93.5%
South America
93.3%
Antarctica
93.2%
Indian
92.8%
Europe
92.6%
New Hampshire
92.3%
Latvia
92.3%
Hokkaido
91.9%
Estonia
91.6%
Honshu
91.5%
Massachusetts
91.5%
Lithuania
91.2%
United Kingdom
91.2%
Australia
91.2%
Connecticut
91.1%
Everest
91%
Kilimanjaro
90.8%
Vermont
90.8%
Maine
90.7%
Trinidad
90.6%
Arizona
90.6%
Tobago
90.6%
Colorado
90.5%
Rhode Island
90.5%
% Correct
New Zealand
89.7%
New Mexico
89.5%
Utah
89.4%
Kyushu
89%
Saint Kitts
88.5%
Shikoku
88.3%
Bosnia
88.1%
Herzegovina
88%
Pretoria
87.9%
Oceania
87.8%
Antigua
87.3%
Saint Vincent
87.3%
Barbuda
86.7%
Southern
84.3%
The Grenadines
84%
Nevis
82.1%
São Tomé
81.6%
Príncipe
80.8%
Bloemfontein
77.2%
Denali
76.9%
Bissau
76.4%
Fiji
74.7%
Vinson Massif
70.6%
Elbrus
70.2%
Aconcagua
69.4%
Port Moresby
67.3%
Puncak Jaya
67.1%
Tuvalu
66.8%
Malabo
63.6%
Conakry
63.6%

You're not logged in!

Compare scores with friends on all Sporcle quizzes.
OR
Log In

You Might Also Like...

Show Comments

Extras

Top Quizzes Today


Score Distribution

Your Account Isn't Verified!

In order to create a playlist on Sporcle, you need to verify the email address you used during registration. Go to your Sporcle Settings to finish the process.

Report this User

Report this user for behavior that violates our Community Guidelines.

Details: